| 000 | 00388nam a2200157Ia 4500 | ||
|---|---|---|---|
| 008 | 221030s9999 xx 000 0 und d | ||
| 020 | _a8126531677 | ||
| 041 | _aEnglish | ||
| 100 | _aD. Dowrick | ||
| 245 | 0 |
_aEarthquake Resistant Design & Risk Reduction _cby D. Dowrick |
|
| 250 | _a2nd | ||
| 260 |
_bWilley Pub. _aNew Delhi _c2013 |
||
| 300 | _a530 | ||
| 650 | _aCivil | ||
| 942 | _cBK | ||
| 999 |
_c17743 _d17743 |
||